000 00575nam a22002177a 4500
003 UA-OsUOA
001 106282
007 ta
008 20140512b un ||||| |||| 00| 0 ukr d
100 _aЛебідь Н.
090 _a32
_bЛ33
942 _cSA
040 _aUA-OsUOA
_bukr
_cUA-OsUOA
_dUA-OsUOA
245 _aСергій Тігіпко: Децентралізація влади - це ефективно і по-європейськи
300 _aС.4
955 _a0
041 _aukr
080 _a32
773 0 _w106281
650 7 _a32 Політика
_2UDC
999 _c392047
_d392047